1094 1805 1292 1919 1993 1644 1177 1003 1005 1809 1841 1796 1951 1596 1822 1888 1858 1209 1316 1473 1945 1835 1659 1620 1081 1132 1328 1011 1453 1291 1089 1191 1873 1096 1528 1498 1686 1593 1172 1009 1640 1176 1068 1246 1795 1797 1717 1832 1387 1778 1497 1386 1610 1528 1191 1035 1679 1800 1400 1268 1584 1079 1052 1890 1840 1354 1945 1520 1720 1336 1585 1744 1584 1010 1589 1178 1344 1473 1168 1836 1029 1344 1931 1528 1912 1563 1236 1761 1850 1804 1051 1611 1238 1792 1446 1415 1817 1449 1623 BCNSPRNW ULIB Ver.6.0+V

เปลี่ยนเป็นภาษาไทย

Change to English
 แสดงรายละเอียดบรรณานุกรม
  กลับหน้าหลัก

Brief Record : Get Marc (ISO 2709) : E-mail record : QR code < ปิดหน้าต่าง
LEADER : 00000nam 2200000uu 4500
001    13399110783
003     ULIB
008    110609s2553||||th 000 0 tha d
020    9789740325345
050  4 QA76^bศ452ส 2553 ล.2
100 0  ศิริชัย พงษ์วิชัย
245 10 สถิติเพื่อการวิจัยด้วยโปรแกรม R เล่ม 2 การทดสอบความสัมพันธ์ และน็อนพาราเมตริก/^cศิริชัย พงษ์วิชัย
250    พิมพ์ครั้งที่ 2
260    กรุงเทพฯ :^bสุพีเรียพริ้นติ้งเฮาส์,^c2553
300    522 หน้า :^bภาพประกอบ ;^c26 ซม.
650  7 โปรแกรม R (โปรแกรมคอมพิวเตอร์)
650  7 การประมวลผลข้อมูล
650  7 สถิติ^xการประมวลผลข้อมูล
650  7 สถิติ^xโปรแกรมคอมพิวเตอร์
945    ^p220^l0^i18262
995    กัณชพร
999    ^aใช้งานได้ทุกระบบ
รายการนี้ยังไม่มีแท็ก
คุณยังไม่ได้ล็อกอิน คุณสามารถมีกิจกรรมร่วมกับเว็บไซต์ได้ แต่ต้องล็อกอินก่อน ::
  ล็อกอิน

รายการสื่อสารสนเทศ

ลำดับที่ ประเภท เลขเรียก/บาร์โค้ด สถานที่ สถานะ
- ไม่พบข้อมูล -

รายการใกล้เคียง
    ผู้แต่ง [ศิริชัย พงษ์วิชัย]

    หัวเรื่อง [โปรแกรม R (โปรแกรมคอมพิวเตอร์)]
    หัวเรื่อง [การประมวลผลข้อมูล]

BibComment


ยังไม่เคยถูกคอมเมนท์

คอมเมนท์ทรัพยากรรายการนี้
  คอมเมนท์: สถิติเพื่อการวิจั..


 Copyright 2026. Bcnsprnw @Library